Introduction to managerial accounting
Introduction to Managerial Accounting, 3/e by Brewer/Garrison/Noreen is based on the market-leading text, Managerial Accounting, by Garrison, Noreen and Brewer. However, this is not simply a briefer book with chapters removed; B/G/N has been rethought and retooled to meet the needs of the market. .
Đã lưu trong:
| 主要作者: | |
|---|---|
| 格式: | 圖書 |
| 語言: | Undetermined |
| 出版: |
Boston
McGraw-Hill
2007
|
| 主題: | |
| 標簽: |
添加標簽
沒有標簽, 成為第一個標記此記錄!
|
| Thư viện lưu trữ: | Trung tâm Học liệu Trường Đại học Cần Thơ |
|---|
| LEADER | 00892nam a2200205Ia 4500 | ||
|---|---|---|---|
| 001 | CTU_138438 | ||
| 008 | 210402s9999 xx 000 0 und d | ||
| 020 | |c 135.66 | ||
| 082 | |a 658.1511 | ||
| 082 | |b B847 | ||
| 100 | |a Brewer, Peter C. | ||
| 245 | 0 | |a Introduction to managerial accounting | |
| 245 | 0 | |c Peter C. Brewer, Ray H. Garrison, Eric W. Noreen | |
| 260 | |a Boston | ||
| 260 | |b McGraw-Hill | ||
| 260 | |c 2007 | ||
| 520 | |a Introduction to Managerial Accounting, 3/e by Brewer/Garrison/Noreen is based on the market-leading text, Managerial Accounting, by Garrison, Noreen and Brewer. However, this is not simply a briefer book with chapters removed; B/G/N has been rethought and retooled to meet the needs of the market. . | ||
| 650 | |a Quản lí tài chính,Managerial accounting | ||
| 904 | |i Chiêm Minh Lý | ||
| 980 | |a Trung tâm Học liệu Trường Đại học Cần Thơ | ||